Game of Thrones- Who killed that person? - Statistics

General Stats
  • This quiz has been taken 3,156 times
    2,249 since last reset
  • The average score is 22 of 32
Answer Stats
Deceased Who Killed Them % Correct
Viserys Targaryen- Had a pot of molten gold poured on his head as his "crown for a king". Khal Drogo
99%
Shae- Strangled to death with a Lion necklace. Tyrion Lannister
86%
Oberyn Martell- Head crushed during a trial by combat. Ser Gregor Clegane
85%
Renly Baratheon- Stabbed through the heart by a shadow resembling this man. Stannis Baratheon
85%
Tywin Lannister- Shot by crossbow bolt while on the toilet Tyrion Lannister
85%
Qhorin Halfhand- Stabbed to death on his own command so the person who did it could gain trust from the wildlings. Jon Snow
84%
Lysa Arryn- Pushed through the "Moon Door" at The Eyrie Petyr Baelish
84%
Mance Rayder- Mercifully shot with an arrow in the heart before he could be burned alive. (Who shot him) Jon Snow
83%
Robb Stark- shot several times by crossbow but he was ultimatley stabbed in the heart by whom? Roose Bolton
82%
Joffrey Baratheon- Poisoned at his own wedding feast. (Multiple people were involved so just guess one and you get it) Lady Olena Tyrell/ Petyr Baelish/ Dontos Hollard
77%
*** Ser Gregor Clegane (The Mountain)- Ankle slit by poisonous spear during a trial by combat. Prince Oberyn Martell
77%
Rickon Stark- shot by an arrow through the back Ramsay Bolton
77%
Ser Vardis Egen- Killed during a trial by combat, he was fighting for Lysa Arryn/ Catelyn Stark, stabbed and thrown the Moon Door. Ser Bronn of the Blackwater
77%
Stannis Baratheon- revenge killed by who? Brienne of Tarth
75%
Roose Bolton- stabbed in the stomach or heart Ramsay Bolton
75%
Locke- Neck snapped by someone who was being warged by Bran Stark. (Whos body did Bran use) Hodor
74%
Rickard Karstark- Beheaded for the treason of killing two captive Lannister boys. Robb Stark
74%
Janos Slynt- Beheaded for disobeying orders of the new Lord Commander Jon Snow
73%
*** Gregor Clegane (The Hound)- fell of the side of a cliff and is presumably left for dead but who was he fighting when he fell? Lady Brienne of Tarth
72%
Beric Dondarrion- Although he has been killed and revived several times, only one has been on TV, it was a trial by combat and had a sword cut down his left shoulder. Sandor Clegane
69%
Ned Stark- The order came from Joffrey Baratheon but who cut off Ned's head? Ser Illyn Payne
68%
Jory Cassel- Stabbed through the eye while defending Ned Stark. Ser Jaime Lannister
67%
Ser Mandyn Moore- Stabbed by a spear during the Battle of the Blackwater when he tried to kill Tyrion Lannister. Podrick Payne
61%
Orell (Wildling Warg)- Stabbed by sword when he called this person out Jon Snow
60%
Ygritte- Shot by a bow and arrow when the Wildlings attacked Castle Black. Olly
57%
Arthur Dayne- died at the Tower of Joy (2 answers accepted) Ned Stark
55%
Polliver- Stabbed through the throat after being asked "is something wrong with your leg boy, do I need to carry you)? Arya Stark
49%
Myrcella Baratheon- Received a "kiss of death" from Ellaria Sand
49%
Pyp- nights watchmen killed at the "Battle for Castle Black" Ygritte
44%
Meereen Champion- head cut off after falling off his horse Daario Naharis
41%
Small Jon Umber- throat bitten out Tormund Giantsbane
21%
Craster- killed at the Night Watch mutiny at Crasters Keep Karl Tanner
17%
No matching quizzes found
Score Distribution
Percent of People with Each Score
Percentile by Number Answered
Your Score History
You have not taken this quiz since the last reset